Normal view MARC view
  • Tzotziles

Entry Materia

Number of records used in: 14

001 - NÚMERO DE CONTROL DEL REGISTRO

  • campo de control: 8412

003 - IDENTIFICADOR DE NUMERO DE CONTROL

  • campo de control: MX-MxUPN

005 - FECHA Y HORA DE LA ÚLTIMA TRANSACCIÓN

  • campo de control: 20230605131721.0

008 - DATOS DE LONGITUD FIJA

  • campo de control de longitud fija: 230605nn gnznnbaba n aaa |d

035 ## - NÚMERO DE CONTROL DEL SISTEMA

  • Número de control del sistema: UPN10000008418

040 ## - FUENTE DE LA CATALOGACIÓN

  • Lengua de catalogación: spa
  • Centro catalogador de origen: MX-MxUPN

150 ## - ENCABEZAMIENTO - TEMÁTICO

  • Término de materia o nombre geográfico como elemento inicial: Tzotziles
  • Subdivisión de materia general: Vida social y costumbres

670 ## - FUENTE EN LA QUE SE LOCALIZARON DATOS

  • Cita de la fuente: Escamilla González, G. Lista de encabezamientos de materia, 1978 :
  • Información localizada: página 87 (Aztecas - Vida social y costumbres)

670 ## - FUENTE EN LA QUE SE LOCALIZARON DATOS

  • Cita de la fuente: Escamilla González, G. Lista de encabezamientos de materia, 1978 :
  • Información localizada: página 832 (Tzotziles)

902 ## - CATALOGADOR

  • Catalogador: PN/140996
  • Catalogador: VíctorGodínez/050623